[Event "ICS rated blitz match"]
[Site "204.178.125.65"]
[Date "2000.10.06"]
[Round "?"]
[White "Grigoriev"]
[Black "Hossa"]
[Result "1-0"]
[WhiteElo "2059"]
[BlackElo "2493"]
[PlyCount "129"]
[EventDate "2000.??.??"]

1. e4 e5 2. Nf3 Nc6 3. Bb5 a6 4. Bxc6 dxc6 5. d4 exd4 6. Qxd4 Qxd4 7. Nxd4 Bd7
8. Nc3 O-O-O 9. Be3 Re8 10. f3 f5 11. Kf2 fxe4 12. Nxe4 Nf6 13. Nxf6 gxf6 14.
Rhe1 Bd6 15. g3 h5 16. f4 c5 17. Nf3 Bh3 18. Bd2 c4 19. Bc3 Bc5+ 20. Bd4 Bxd4+
21. Nxd4 c5 22. Nf3 Bf5 23. c3 Kc7 24. Nh4 Be4 25. Re3 Bd3 26. Rae1 Rxe3 27.
Rxe3 Kd7 28. Kf3 Bb1 29. a3 Bc2 30. f5 Re8 31. Rxe8 Kxe8 32. Kf4 Kf7 33. Ng2
Bd3 34. Ne3 Ke7 35. h4 Be2 36. g4 Bxg4 37. Nxg4 hxg4 38. Kxg4 Kf7 39. Kf4 Ke7
40. Ke4 Kd6 41. h5 Ke7 42. Kd5 Kf7 43. Kxc4 b6 44. Kd5 c4 45. Kxc4 Kg7 46. Kd5
Kf7 47. c4 Kg7 48. Ke6 a5 49. b4 Kh6 50. Kxf6 axb4 51. axb4 Kh7 52. c5 Kg8 53.
cxb6 Kf8 54. b7 Ke8 55. b8=Q+ Kd7 56. Qb7+ Kd6 57. Qb6+ Kd5 58. Qc5+ Ke4 59. b5
Kf4 60. b6 Ke4 61. b7 Kf3 62. b8=Q Ke2 63. Qg3 Kd2 64. Qcc3+ Ke2 65. Qgf3# {
Hossa checkmated} 1-0

[Event "ICS rated blitz match"]
[Site "204.178.125.65"]
[Date "2000.10.06"]
[Round "?"]
[White "Hossa"]
[Black "sekere"]
[Result "1-0"]
[WhiteElo "2479"]
[BlackElo "2166"]
[PlyCount "79"]
[EventDate "2000.??.??"]

1. d4 d5 2. c4 dxc4 3. Nf3 e6 4. e3 Nf6 5. Bxc4 c5 6. O-O Nc6 7. Nc3 cxd4 8.
exd4 Be7 9. Be3 O-O 10. Rc1 a6 11. Re1 b5 12. Bd3 Bb7 13. Ng5 h6 14. Nf3 Nb4
15. Be2 Rc8 16. Ne5 Nc6 17. Bf3 Ba8 18. Bxc6 Bxc6 19. Nxc6 Rxc6 20. Qd3 Qc7 21.
Ne4 Rxc1 22. Rxc1 Qb7 23. Nc5 Qa8 24. Bf4 Rc8 25. Qg3 Nh5 26. Qg4 Nxf4 27. Rc3
Qxg2+ 28. Qxg2 Nxg2 29. Kxg2 Bxc5 30. b4 Kf8 31. dxc5 Rc6 32. Kf3 Ke7 33. Ke4
g5 34. a3 f6 35. Rh3 f5+ 36. Ke5 Rc7 37. Rxh6 Rd7 38. Rxe6+ Kf7 39. Rd6 Re7+
40. Kxf5 {sekere resigns} 1-0

[Event "ICS rated blitz match"]
[Site "204.178.125.65"]
[Date "2000.10.06"]
[Round "?"]
[White "Hossa"]
[Black "raw-pawn"]
[Result "1-0"]
[WhiteElo "2484"]
[BlackElo "1967"]
[PlyCount "31"]
[EventDate "2000.??.??"]

1. e4 c5 2. Nf3 d6 3. d4 cxd4 4. Qxd4 Nc6 5. Qd1 Nf6 6. Nc3 a6 7. Bf4 e6 8. Be2
Be7 9. e5 Nh5 10. Be3 dxe5 11. Nxe5 Nxe5 12. Bxh5 O-O 13. Qxd8 Rxd8 14. Bb6 Rd7
15. Be2 Rd6 16. Bc7 {raw-pawn resigns} 1-0

[Event "ICS rated blitz match"]
[Site "204.178.125.65"]
[Date "2000.10.06"]
[Round "?"]
[White "Colorado"]
[Black "Hossa"]
[Result "1/2-1/2"]
[WhiteElo "2568"]
[BlackElo "2486"]
[PlyCount "226"]
[EventDate "2000.??.??"]

1. e4 c5 2. Nf3 e6 3. d4 cxd4 4. Nxd4 Nc6 5. Nc3 Qc7 6. Be2 a6 7. O-O Nf6 8.
Be3 Be7 9. f4 d6 10. Qe1 O-O 11. Qg3 Bd7 12. Kh1 d5 13. e5 Ne4 14. Nxe4 dxe4
15. c4 b6 16. Nxc6 Bxc6 17. Rad1 f5 18. exf6 Bxf6 19. Qh3 Rae8 20. Rd2 Rf7 21.
Bh5 g6 22. Bg4 Bd7 23. Rc1 Bc8 24. c5 bxc5 25. Rxc5 Qb7 26. b3 Qb8 27. Rdc2 Bd7
28. Rc7 Kg7 29. Rc1 a5 30. R1c4 h5 31. Bd1 Be5 32. fxe5 Rf1+ 33. Bg1 Rxd1 34.
Qe3 Re7 35. Qxe4 Rf7 36. Qe2 Ra1 37. Qd3 Be8 38. Qd6 Qa8 39. Qxe6 Qd8 40. Qd6
Qxd6 41. exd6 Bd7 42. a4 Rb1 43. h3 Rxb3 44. Ra7 Rd3 45. Bd4+ Kh6 46. Rxa5 g5
47. Ra7 g4 48. hxg4 hxg4 49. Be5 g3 50. Rc1 Kg6 51. Ra8 Kf5 52. Re1 Bc6 53. Ra6
Bd5 54. Rb6 Rd2 55. Bxg3 Rg7 56. Re5+ Kg4 57. Bf2 Bxg2+ 58. Kg1 Kf4 59. Re7
Rd1+ 60. Be1 Rxe7 61. dxe7 Rxe1+ 62. Kxg2 Rxe7 63. a5 Ke5 64. Ra6 Kd5 65. Kf2
Kc5 66. Rf6 Kb5 67. Rf5+ Ka6 68. Kf1 Ka7 69. Rc5 Re6 70. Kf2 Ka8 71. Kf3 Rg6
72. Ke3 Rh6 73. Kd4 Rh4+ 74. Kc3 Rh2 75. Rd5 Rh1 76. Rd7 Rg1 77. Kc4 Rc1+ 78.
Kb5 Rb1+ 79. Ka6 Rb2 80. Ra7+ Kb8 81. Rh7 Ka8 82. Rd7 Rb1 83. Ra7+ Kb8 84. Re7
Ka8 85. Re8+ Rb8 86. Re6 Rc8 87. Re7 Rc6+ 88. Kb5 Rd6 89. a6 Rd5+ 90. Kc6 Rf5
91. Rd7 Rf6+ 92. Kb5 Rf5+ 93. Kb6 Rf6+ 94. Kb5 Rf5+ 95. Kb4 Rg5 96. Rf7 Rh5 97.
Rg7 Rh3 98. Rd7 Rh2 99. Re7 Rh1 100. Rg7 Rh3 101. Kc5 Rc3+ 102. Kb5 Rb3+ 103.
Ka4 Rc3 104. Rf7 Rd3 105. Kb4 Re3 106. Rf6 Rg3 107. Rf7 Re3 108. Rh7 Rf3 109.
Ka4 Rg3 110. Rf7 Rd3 111. Rg7 Rc3 112. Kb5 Rb3+ 113. Ka4 Rc3 {
Game drawn by repetition} 1/2-1/2

[Event "ICS Rated standard match"]
[Site "204.178.125.65"]
[Date "2000.10.06"]
[Round "?"]
[White "QueenMaxima"]
[Black "Hossa"]
[Result "0-1"]
[WhiteElo "2265"]
[BlackElo "2451"]
[PlyCount "142"]
[EventDate "2000.??.??"]

1. d4 d5 2. c4 e6 3. Nc3 Nf6 4. cxd5 exd5 5. Bf4 c6 6. e3 Bf5 7. Nf3 Nbd7 8.
Bd3 Bxd3 9. Qxd3 Nb6 10. O-O Bb4 11. a3 Bxc3 12. bxc3 Ne4 13. Rfb1 O-O 14. c4
Qe7 15. cxd5 cxd5 16. a4 Rac8 17. a5 Nc4 18. Rb5 Rfd8 19. h3 f6 20. Qb3 b6 21.
axb6 axb6 22. Bh2 Ra8 23. Re1 Qd7 24. Rb4 Ra3 25. Qc2 Rc8 26. Qb1 Kh8 27. Bf4
g5 28. Bh2 g4 29. Nh4 Re8 30. Bf4 gxh3 31. g3 h2+ 32. Kg2 Qf7 33. Rh1 Qa7 34.
Rxh2 Ra2 35. Ng6+ Kg8 36. Nh4 Rxf2+ 37. Kg1 Ncd2 38. Qc1 Rf1+ 39. Qxf1 Nxf1 40.
Kxf1 Qa1+ 41. Kg2 Qa2+ 42. Kh3 Nf2+ 43. Rxf2 Qxf2 44. Rxb6 Kf7 45. Nf5 Qf1+ 46.
Kh2 Qe2+ 47. Kh3 Qh5+ 48. Nh4 Qd1 49. Rb7+ Kg8 50. Rd7 Kh8 51. Kh2 Qc2+ 52. Ng2
Qf5 53. Rc7 Rg8 54. Nh4 Qe6 55. Ra7 h5 56. Rb7 Rg7 57. Rb8+ Kh7 58. Rb2 Qg4 59.
Rb6 Qe2+ 60. Kh3 Ra7 61. Ng2 Qf1 62. g4 hxg4+ 63. Kxg4 Qxg2+ 64. Kf5 Qg6+ 65.
Ke6 f5+ 66. Ke5 Qxb6 67. Bg5 Kg6 68. Bd8 Qxd8 69. Kf4 Qc7+ 70. Kf3 Qh2 71. e4
Ra3# {QueenMaxima checkmated} 0-1

[Event "ICS rated blitz match"]
[Site "204.178.125.65"]
[Date "2000.10.06"]
[Round "?"]
[White "eggyburp"]
[Black "Hossa"]
[Result "0-1"]
[WhiteElo "2234"]
[BlackElo "2497"]
[PlyCount "38"]
[EventDate "2000.??.??"]

1. e4 c5 2. Nf3 e6 3. d4 cxd4 4. Nxd4 Nc6 5. Be3 Nf6 6. Nc3 Bb4 7. Bd3 O-O 8.
O-O Ne5 9. Nce2 d5 10. Ng3 Nxd3 11. cxd3 e5 12. Ndf5 Bxf5 13. Nxf5 dxe4 14. a3
Ba5 15. Bg5 exd3 16. Qf3 e4 17. Qg3 Bc7 18. Bxf6 Qxf6 19. Qxc7 Qxf5 {
eggyburp resigns} 0-1

[Event "ICS rated standard match"]
[Site "204.178.125.65"]
[Date "2000.10.06"]
[Round "?"]
[White "Hossa"]
[Black "QueenMaxima"]
[Result "1-0"]
[WhiteElo "2459"]
[BlackElo "2257"]
[PlyCount "135"]
[EventDate "2000.??.??"]

1. d4 e6 2. c4 Nf6 3. Nf3 b6 4. g3 Ba6 5. b3 Bb4+ 6. Bd2 Nc6 7. Bxb4 Nxb4 8.
Bg2 Bb7 9. a3 Bxf3 10. Bxf3 Nc6 11. O-O O-O 12. d5 exd5 13. cxd5 Ne5 14. Bg2
Rc8 15. Nc3 a6 16. Qd4 Re8 17. Rfc1 Nfg4 18. f4 Ng6 19. e4 c5 20. Qd2 b5 21.
Bf3 Nh6 22. d6 Qb6 23. Kh1 f6 24. Rc2 c4 25. bxc4 Rxc4 26. e5 Rd4 27. Qf2 fxe5
28. fxe5 Nxe5 29. Bd5+ Kh8 30. Rd2 Rxd5 31. Qxb6 Rxd2 32. Ne4 Rb2 33. Ng5 Nhg4
34. Qb7 Rxh2+ 35. Kg1 Rd2 36. Re1 Kg8 37. Rf1 Rxd6 38. Ne4 Rd3 39. Qxa6 d5 40.
Qxb5 Rd8 41. Nd6 Rxg3+ 42. Kh1 Rh3+ 43. Kg1 Nf6 44. Qb6 Rf8 45. Nf5 Re8 46. Qc7
Ned7 47. a4 Rb3 48. a5 Kh8 49. a6 Ra3 50. Nd6 Rf8 51. a7 Ra2 52. Qb7 Ra4 53.
Nc8 Re8 54. a8=Q Rxa8 55. Qxa8 d4 56. Qc6 Re5 57. Nd6 Rg5+ 58. Kf2 Ne5 59. Qc8+
Ng8 60. Re1 h6 61. Rxe5 Rxe5 62. Nf7+ Kh7 63. Qc2+ Rf5+ 64. Qxf5+ g6 65. Qe6 g5
66. Ne5 Nf6 67. Qf7+ Kh8 68. Ng6# {QueenMaxima checkmated} 1-0

[Event "ICS rated standard match"]
[Site "204.178.125.65"]
[Date "2000.10.06"]
[Round "?"]
[White "MODIFICADOR"]
[Black "Hossa"]
[Result "0-1"]
[WhiteElo "2052"]
[BlackElo "2467"]
[PlyCount "126"]
[EventDate "2000.??.??"]

1. d4 d5 2. c4 e6 3. Nc3 Nf6 4. cxd5 exd5 5. Bf4 c6 6. e3 Bf5 7. Bd3 Bxd3 8.
Qxd3 Bd6 9. Nge2 Bxf4 10. Nxf4 O-O 11. O-O Na6 12. a3 Nc7 13. h3 Nce8 14. Qc2
Nd6 15. Nd3 Nfe4 16. Nxe4 Nxe4 17. Nc5 Nxc5 18. Qxc5 Qf6 19. b4 Rfc8 20. Rac1
b6 21. Qc3 Rc7 22. Qb3 a6 23. a4 Qe7 24. a5 Rb8 25. axb6 Rxb6 26. Qa3 Qxb4 27.
Qxb4 Rxb4 28. Ra1 Rb6 29. Rfc1 Rcb7 30. Kh2 Kf8 31. Rc5 Ke7 32. Rca5 Ra7 33.
Kg3 Kd6 34. Kf4 h6 35. h4 Ra8 36. h5 Ra7 37. g4 Ra8 38. f3 Ra7 39. e4 Rb4 40.
e5+ Kc7 41. e6 fxe6 42. Ke5 Kb6 43. f4 Rc4 44. g5 Ra8 45. Kxe6 Rxd4 46. gxh6
Re4+ 47. Kf7 Ra7+ 48. Kg6 Re6+ 49. Kg5 Rxh6 50. f5 c5 51. R5a2 Rd6 52. Rb2+ Kc6
53. Re1 c4 54. Re6 Rxe6 55. fxe6 c3 56. Rc2 d4 57. Kf5 Kc5 58. Ke5 Kc4 59. Rf2
d3 60. Rf4+ Kb3 61. Rf7 c2 62. e7 c1=Q 63. e8=Q Qe3+ {MODIFICADOR resigns} 0-1

[Event "ICS rated standard match"]
[Site "204.178.125.65"]
[Date "2000.10.06"]
[Round "?"]
[White "Hossa"]
[Black "MODIFICADOR"]
[Result "1-0"]
[WhiteElo "2470"]
[BlackElo "2049"]
[PlyCount "35"]
[EventDate "2000.??.??"]

1. e4 c6 2. d4 d6 3. Nf3 Bg4 4. Bf4 e6 5. h3 Bh5 6. Nbd2 d5 7. exd5 exd5 8.
Qe2+ Qe7 9. O-O-O Qxe2 10. Bxe2 f6 11. Rde1 Kf7 12. Ne5+ fxe5 13. Bxh5+ g6 14.
Bxe5 gxh5 15. Bxh8 Nf6 16. Bxf6 Kxf6 17. Re8 Kf7 18. Rhe1 {MODIFICADOR resigns}
1-0

[Event "ICS rated standard match"]
[Site "204.178.125.65"]
[Date "2000.10.06"]
[Round "?"]
[White "Hossa"]
[Black "MODIFICADOR"]
[Result "1-0"]
[WhiteElo "2476"]
[BlackElo "2043"]
[PlyCount "69"]
[EventDate "2000.??.??"]

1. e4 c6 2. d4 d6 3. Nf3 Bg4 4. Bf4 e6 5. h3 Bh5 6. Nbd2 d5 7. exd5 cxd5 8. g4
Bg6 9. h4 h5 10. Bb5+ Nc6 11. Ne5 Nge7 12. Bg5 f6 13. Nxg6 Nxg6 14. Be3 hxg4
15. Qxg4 Kf7 16. h5 Nge7 17. O-O-O Qa5 18. a4 a6 19. Nb3 Qc7 20. Be2 Rc8 21.
Bd3 f5 22. Qf4 Nb4 23. Qxc7 Nxd3+ 24. Rxd3 Rxc7 25. Nd2 Nc6 26. Bf4 Rd7 27. Nf3
Bd6 28. Bxd6 Rxd6 29. Re3 Kf6 30. c3 b5 31. axb5 axb5 32. Ne5 Rc8 33. Rg1 Ne7
34. Reg3 f4 35. Rxg7 {MODIFICADOR resigns} 1-0

[Event "ICS rated blitz match"]
[Site "204.178.125.65"]
[Date "2000.10.06"]
[Round "?"]
[White "Colorado"]
[Black "Hossa"]
[Result "1-0"]
[WhiteElo "2568"]
[BlackElo "2503"]
[PlyCount "137"]
[EventDate "2000.??.??"]

1. e4 c5 2. Nf3 e6 3. d4 cxd4 4. Nxd4 Nc6 5. Nc3 Qc7 6. Be2 a6 7. O-O Nf6 8.
Be3 Bb4 9. Na4 Be7 10. Nxc6 bxc6 11. Nb6 Rb8 12. Nxc8 Qxc8 13. e5 Nd5 14. Bc1
Bc5 15. Qd3 Qc7 16. Qe4 f5 17. exf6 Nxf6 18. Qh4 Qb6 19. Bf4 Ra8 20. Be5 O-O
21. Rad1 d6 22. Bxd6 Bxd6 23. Rxd6 Qxb2 24. Qc4 c5 25. Rxe6 Kh8 26. Qxc5 Rfc8
27. Rc6 Rxc6 28. Qxc6 Rf8 29. Bxa6 Qxa2 30. Re1 Qa5 31. c3 Qf5 32. f3 Qf4 33.
Qc5 Rd8 34. Bc4 Qd2 35. Qe5 Rc8 36. Be6 Re8 37. Re2 Qc1+ 38. Kf2 Qd1 39. c4 Qd3
40. c5 Qb1 41. Qd4 Qb8 42. Qd6 Qb4 43. g3 Qa3 44. Bg4 Nxg4+ 45. fxg4 Rc8 46.
Qd5 Qc1 47. Qf5 Rb8 48. Kg2 h6 49. Re7 Qb2+ 50. Kh3 Qc1 51. Qf7 Rg8 52. Rc7 Qd1
53. c6 Qc1 54. Qg6 Qf1+ 55. Kh4 Qd1 56. Rf7 Qe2 57. Kh3 Qe5 58. c7 Qc5 59. Qe6
Qc1 60. g5 hxg5 61. Rd7 Qf1+ 62. Kg4 Kh7 63. Kh5 Kh8 64. Rd8 Qd1+ 65. Rxd1 Kh7
66. Qg6+ Kh8 67. Rd8 g4 68. Rxg8+ Kxg8 69. c8=Q# {Hossa checkmated} 1-0

[Event "ICS Rated standard match"]
[Site "204.178.125.65"]
[Date "2000.10.06"]
[Round "?"]
[White "Hossa"]
[Black "BrazilianMaster"]
[Result "0-1"]
[WhiteElo "2453"]
[BlackElo "2635"]
[PlyCount "102"]
[EventDate "2000.??.??"]

1. e4 c5 2. Nf3 d6 3. d4 cxd4 4. Nxd4 Nf6 5. Nc3 Nc6 6. Bg5 e6 7. Qd2 Be7 8.
Bb5 Qc7 9. Ba4 O-O 10. Ndb5 Qa5 11. O-O-O a6 12. Nxd6 Rd8 13. Bxc6 Rxd6 14. Bd5
Rd7 15. Rhe1 h6 16. Bxf6 Bxf6 17. Ne2 Qb6 18. Nc3 exd5 19. exd5 Rd8 20. Na4 Qd6
21. Kb1 Bf5 22. Qe3 Rac8 23. Re2 Rc4 24. g4 Re4 25. Qf3 Rf4 26. Qe3 Bxg4 27.
Nc3 Bxc3 28. bxc3 Bxe2 29. Qxe2 Ra4 30. Qf3 Qb6+ 31. Kc1 Rxa2 32. Kd2 Rxd5+ 33.
Qxd5 Qxf2+ 34. Kd3 Qxc2+ 35. Kc4 Ra4+ 36. Kc5 Ra5+ 37. Kb6 Rxd5 38. Rxd5 Qb3+
39. Kc5 Qxc3+ 40. Kd6 Kf8 41. h4 f6 42. Rc5 Qd4+ 43. Rd5 Qb6+ 44. Kd7 Qc6+ 45.
Kd8 Qxd5+ 46. Kc7 Ke7 47. h5 Qc6+ 48. Kb8 a5 49. Ka8 Qa6+ 50. Kb8 Kd6 51. Kc8
Qa8# {Hossa checkmated} 0-1

[Event "ICS Rated blitz match"]
[Site "204.178.125.65"]
[Date "2000.10.06"]
[Round "?"]
[White "Maup"]
[Black "Hossa"]
[Result "0-1"]
[WhiteElo "2126"]
[BlackElo "2490"]
[PlyCount "49"]
[EventDate "2000.??.??"]

1. e3 e5 2. d3 d5 3. Nd2 Nf6 4. Ne2 Nc6 5. b3 Bc5 6. Bb2 O-O 7. h3 Be6 8. g3
Qe7 9. a3 d4 10. e4 a5 11. Bg2 a4 12. b4 Bd6 13. Rb1 Nd7 14. O-O Qg5 15. f4
exf4 16. gxf4 Qh6 17. f5 Qe3+ 18. Kh1 Ba2 19. Ra1 Bb3 20. b5 Bxc2 21. Qxc2 Nce5
22. Nxd4 Rfd8 23. Rae1 Qxd3 24. Qxd3 Nxd3 25. Nc4 {Maup resigns} 0-1

[Event "ICS rated standard match"]
[Site "204.178.125.65"]
[Date "2000.10.06"]
[Round "?"]
[White "Zippy"]
[Black "Hossa"]
[Result "0-1"]
[WhiteElo "2282"]
[BlackElo "2445"]
[PlyCount "92"]
[EventDate "2000.??.??"]

1. d4 Nf6 2. Nf3 c5 3. e3 e6 4. Bd3 d5 5. b3 Nc6 6. O-O Nb4 7. a4 Nxd3 8. Qxd3
a5 9. dxc5 Bxc5 10. Qb5+ Nd7 11. Ne5 Qc7 12. Nxd7 Bxd7 13. Qd3 Bd6 14. g3 Be5
15. Ra2 O-O 16. Bb2 Rac8 17. Ba3 Rfd8 18. Nd2 Bc3 19. Nf3 e5 20. Ng5 g6 21.
Qxd5 Bh3 22. Qxd8+ Rxd8 23. Nxh3 h6 24. e4 g5 25. Kh1 g4 26. Ng1 Qc6 27. f3 Qa6
28. Rf2 Bd4 29. c4 Bxf2 30. Rxf2 Qb6 31. c5 Qxb3 32. Bb2 Rd1 33. Kg2 Qe3 34.
fxg4 Rd2 35. Rxd2 Qxd2+ 36. Kh3 Qxb2 37. Nf3 Qf2 38. Nh4 Qf1+ 39. Ng2 f6 40. g5
hxg5 41. Kg4 Qxg2 42. Kf5 Kf7 43. Kg4 Qxe4+ 44. Kh3 g4+ 45. Kh4 Qf5 46. h3 Qg5#
{Zippy checkmated} 0-1

[Event "ICS rated standard match"]
[Site "204.178.125.65"]
[Date "2000.10.06"]
[Round "?"]
[White "Hossa"]
[Black "Zippy"]
[Result "1-0"]
[WhiteElo "2454"]
[BlackElo "2273"]
[PlyCount "175"]
[EventDate "2000.??.??"]

1. d4 Nf6 2. c4 e6 3. Nc3 d5 4. e3 c6 5. Nf3 Nbd7 6. cxd5 exd5 7. Bd3 Bd6 8.
O-O O-O 9. Re1 Re8 10. e4 dxe4 11. Nxe4 Nxe4 12. Bxe4 h6 13. Bd3 Nf6 14. Rxe8+
Qxe8 15. Bd2 Be6 16. Ne5 Rd8 17. Qf3 Qe7 18. a3 Nd5 19. Re1 Qh4 20. Be4 Nf6 21.
g3 Qh3 22. Ba5 Re8 23. Bd3 Bd5 24. Bf5 Bxf3 25. Bxh3 Bd5 26. Re3 b6 27. Bc3 Re7
28. Bg2 Bxg2 29. Kxg2 Nd5 30. Rd3 Rc7 31. Nc4 Be7 32. Bd2 Rd7 33. Ne5 Rd6 34.
Ng4 f6 35. h3 Kf7 36. Rf3 Ke6 37. Ne3 Rd7 38. Nc2 h5 39. Rd3 f5 40. Bc3 g5 41.
Rd1 Bd6 42. Re1+ Kf6 43. Bd2 f4 44. g4 hxg4 45. hxg4 Rh7 46. Rc1 a5 47. Ne1 Ne7
48. Nf3 Rh6 49. b4 a4 50. Bc3 Rg6 51. d5+ Kf7 52. dxc6 Nxc6 53. Bb2 Ne7 54. Rh1
Nd5 55. Rh5 Nf6 56. Nxg5+ Ke7 57. Bxf6+ Rxf6 58. Kf3 Be5 59. Rh7+ Ke8 60. Ra7
b5 61. Rb7 Bb2 62. Ne4 Ra6 63. Nc5 Rc6 64. Rxb5 Bxa3 65. Kxf4 Bc1+ 66. Ke4 a3
67. Rb8+ Kf7 68. Ra8 Bb2 69. f4 Rd6 70. Ra7+ Kf8 71. Kf3 Ke8 72. f5 Bc1 73. Ke4
Bb2 74. g5 Rd4+ 75. Kf3 Rd6 76. f6 Bc1 77. Kg4 a2 78. Kf5 Rd5+ 79. Ke6 a1=Q 80.
f7+ Kf8 81. Rxa1 Bxg5 82. Ra8+ Rd8 83. Rxd8+ Bxd8 84. Nd7+ Kg7 85. f8=Q+ Kg6
86. Qg8+ Kh5 87. Kf5 Ba5 88. Qh8# {Zippy checkmated} 1-0

[Event "ICS rated standard match"]
[Site "204.178.125.65"]
[Date "2000.10.06"]
[Round "?"]
[White "Zippy"]
[Black "Hossa"]
[Result "1-0"]
[WhiteElo "2265"]
[BlackElo "2462"]
[PlyCount "131"]
[EventDate "2000.??.??"]

1. e4 e5 2. Nf3 Nc6 3. d4 exd4 4. Nxd4 Nf6 5. Nc3 Bb4 6. Nxc6 bxc6 7. Qd4 Qe7
8. Bd2 O-O 9. f3 Bc5 10. Qa4 Rb8 11. O-O-O Bb7 12. Qa5 Bb6 13. Qg5 Bd4 14. Ne2
Be5 15. Bf4 Bxf4+ 16. Nxf4 h6 17. Qa5 d5 18. Qxa7 dxe4 19. fxe4 Qe5 20. Nd3
Qg5+ 21. Kb1 Nxe4 22. Ka1 Qd5 23. Nf2 Qe6 24. Nxe4 Qxe4 25. Qf2 Qa4 26. h4 Rbd8
27. Rxd8 Rxd8 28. Bd3 Ra8 29. a3 Bc8 30. Qg3 Qa7 31. Qe5 Be6 32. Qe4 Kf8 33.
Qxc6 Rb8 34. Qe4 Qb6 35. Rb1 c6 36. Qh7 f6 37. Bg6 Qb5 38. Qh8+ Bg8 39. Bh7 Kf7
40. Bd3 Qc5 41. g4 Qb4 42. Bf5 Rd8 43. h5 Ra8 44. Rd1 Qc4 45. b3 Rxa3+ 46. Kb2
Rxb3+ 47. cxb3 Qe2+ 48. Kc1 Qe3+ 49. Kc2 Qc5+ 50. Kb1 Qa7 51. Rd7+ Qxd7 52.
Bxd7 Ke7 53. Bxc6 Bxb3 54. Qxg7+ Kd6 55. Qxf6+ Kc7 56. Qxh6 Bd1 57. Qe6 Be2 58.
Qxe2 Kd6 59. Qe8 Kc5 60. h6 Kd6 61. h7 Kc5 62. Qe3+ Kxc6 63. Qe6+ Kc5 64. h8=Q
Kb5 65. Qb2+ Kc5 66. Qbb6# {Hossa checkmated} 1-0

[Event "ICS rated blitz match"]
[Site "204.178.125.65"]
[Date "2000.10.06"]
[Round "?"]
[White "Hossa"]
[Black "counterplay"]
[Result "0-1"]
[WhiteElo "2494"]
[BlackElo "2852"]
[PlyCount "162"]
[EventDate "2000.??.??"]

1. e4 c5 2. Nf3 d6 3. d4 cxd4 4. Nxd4 Nf6 5. Nc3 a6 6. Be2 e6 7. Be3 Qc7 8. Qd2
b5 9. Bd3 Be7 10. a4 b4 11. Na2 e5 12. Nf5 Bxf5 13. exf5 d5 14. O-O Nc6 15. Bg5
O-O 16. Rfd1 e4 17. Be2 Rfd8 18. Qf4 Bd6 19. Qh4 Be5 20. c3 bxc3 21. bxc3 Ne7
22. Qh3 Rdb8 23. Bd2 Rb2 24. Bf1 Bf4 25. Be1 a5 26. Rdb1 Rc2 27. Nc1 Qc8 28.
Ne2 Be5 29. g4 h5 30. gxh5 Qxf5 31. Rb7 Qg5+ 32. Qg2 Qxg2+ 33. Kxg2 Nf5 34. h6
gxh6 35. Kh3 Kf8 36. Rb5 Ke7 37. Rb7+ Kf8 38. Rb5 h5 39. Ra3 Nd6 40. Rc5 Nc4
41. Ra1 Nd2 42. Bxd2 Rxd2 43. Rb1 Ng4 44. Kg2 Bd6 45. Rcb5 Nxh2 46. Rb7 Be5 47.
R1b2 Nxf1 48. Kxf1 Rd1+ 49. Kg2 Rc8 50. R2b5 Rc6 51. R7b6 Rxb6 52. Rxb6 h4 53.
Rh6 Rd2 54. Kf1 Rd1+ 55. Kg2 Rd2 56. Kf1 Ra2 57. Rxh4 Rxa4 58. Rh5 f6 59. Rh7
Ra1+ 60. Kg2 Ra2 61. Kf1 Ke8 62. Nd4 a4 63. Ra7 a3 64. Ra5 Ra1+ 65. Kg2 Bxd4
66. cxd4 a2 67. Ra7 f5 68. Ra6 f4 69. Ra8+ Kd7 70. Ra7+ Kc6 71. Ra6+ Kb5 72.
Ra8 f3+ 73. Kg3 Rg1+ 74. Kf4 a1=Q 75. Rxa1 Rxa1 76. Kg4 e3 77. fxe3 f2 78. Kf4
f1=Q+ 79. Ke5 Ra6 80. e4 Qf6+ 81. Kxd5 Qe6# {Hossa checkmated} 0-1

[Event "ICS rated blitz match"]
[Site "204.178.125.65"]
[Date "2000.10.06"]
[Round "?"]
[White "counterplay"]
[Black "Hossa"]
[Result "0-1"]
[WhiteElo "2856"]
[BlackElo "2490"]
[PlyCount "127"]
[EventDate "2000.??.??"]

1. f4 d5 2. e4 dxe4 3. Nc3 Nf6 4. Qe2 Qd4 5. Nb5 Qb6 6. Qe3 Na6 7. Bc4 c6 8.
Qxb6 axb6 9. Nd4 e6 10. a3 b5 11. Bb3 Bc5 12. Nge2 O-O 13. O-O Bb6 14. Kh1 Rd8
15. c3 Nc5 16. Bc2 Nd3 17. Rb1 c5 18. Nb3 Ng4 19. Ra1 c4 20. Nbd4 b4 21. h3 Nf6
22. g4 b3 23. Bb1 Bd7 24. Kg1 Nd5 25. Kh1 Bc5 26. g5 e5 27. fxe5 Bxh3 28. Rg1
Nf2+ 29. Kh2 Bc8 30. Rf1 Ng4+ 31. Kh1 Nxe5 32. Bxe4 Be7 33. Nf5 Bxg5 34. d4
cxd3 35. Bxg5 dxe2 36. Rfe1 Bxf5 37. Bxf5 Nxc3 38. Bxd8 Rxd8 39. bxc3 b2 40.
Rab1 Rd2 41. Be4 b5 42. Kg2 Nc4 43. Kf2 Nxa3 44. Rxe2 Nxb1 45. Bxb1 Rxe2+ 46.
Kxe2 h5 47. c4 bxc4 48. Kd2 h4 49. Kc3 h3 50. Kxb2 h2 51. Be4 f5 52. Bh1 Kf7
53. Kc3 Ke6 54. Kxc4 Ke5 55. Kd3 Kf4 56. Ke2 Kg3 57. Ke3 g5 58. Bc6 f4+ 59. Ke2
g4 60. Bh1 f3+ 61. Ke3 Kh4 62. Kf2 Kh3 63. Ke3 Kg3 64. Kd3 {counterplay resigns
} 0-1

[Event "ICS rated blitz match"]
[Site "204.178.125.65"]
[Date "2000.10.06"]
[Round "?"]
[White "Hossa"]
[Black "STYNETS"]
[Result "1-0"]
[WhiteElo "2519"]
[BlackElo "2316"]
[PlyCount "29"]
[EventDate "2000.??.??"]

1. e4 e5 2. Nf3 Nc6 3. Bc4 Nf6 4. Ng5 Bc5 5. Nxf7 Bxf2+ 6. Kf1 Qe7 7. Nxh8 d5
8. exd5 Nd4 9. d6 cxd6 10. Kxf2 Bg4 11. Qf1 Ne4+ 12. Kg1 Nf5 13. Bb5+ Kd8 14.
Qc4 Qh4 15. Qxe4 {STYNETS resigns} 1-0

[Event "ICS rated blitz match"]
[Site "204.178.125.65"]
[Date "2000.10.06"]
[Round "?"]
[White "STYNETS"]
[Black "Hossa"]
[Result "0-1"]
[WhiteElo "2308"]
[BlackElo "2527"]
[PlyCount "126"]
[EventDate "2000.??.??"]

1. e4 e5 2. Nf3 Nc6 3. Nc3 Nf6 4. Bb5 Bb4 5. d3 Nd4 6. Bc4 b5 7. Bb3 d6 8. O-O
Bg4 9. Kh1 O-O 10. Bg5 c6 11. Be3 a5 12. Bxd4 exd4 13. Ne2 Bxf3 14. gxf3 a4 15.
a3 axb3 16. axb4 Rxa1 17. Qxa1 bxc2 18. Nxd4 Nd7 19. Qc1 Qf6 20. Qe3 c5 21.
Nxc2 Qxb2 22. Qc1 Qc3 23. bxc5 Nxc5 24. Ne3 Qxc1 25. Rxc1 Nxd3 26. Rb1 Rb8 27.
Kg2 Nf4+ 28. Kg3 Ne2+ 29. Kg4 Nc3 30. Rb3 b4 31. Nc2 Na2 32. Kf4 Nc1 33. Rb1 b3
34. Rxc1 Rc8 35. Ke3 b2 36. Rb1 Rxc2 37. h4 Kf8 38. f4 Ke7 39. f3 g6 40. Kd3
Rh2 41. Kc3 Rxh4 42. Rxb2 Rxf4 43. Rf2 f5 44. exf5 Rxf5 45. Kd3 h5 46. Ke3 Re5+
47. Kf4 g5+ 48. Kg3 Re1 49. Ra2 Kf6 50. Ra5 h4+ 51. Kg2 Re2+ 52. Kg1 h3 53. Rd5
Rg2+ 54. Kh1 Ke6 55. Ra5 Rg3 56. Kh2 Rxf3 57. Rxg5 Rf2+ 58. Kg1 Rg2+ 59. Rxg2
hxg2 60. Kxg2 Kd5 61. Kf3 Kc4 62. Ke2 d5 63. Ke1 Kd3 {STYNETS resigns} 0-1

[Event "ICS rated standard match"]
[Site "204.178.125.65"]
[Date "2000.10.06"]
[Round "?"]
[White "Hossa"]
[Black "adiamant"]
[Result "1-0"]
[WhiteElo "2438"]
[BlackElo "2073"]
[PlyCount "45"]
[EventDate "2000.??.??"]

1. e4 c5 2. Nf3 Nc6 3. d4 cxd4 4. Nxd4 Nf6 5. Nc3 e5 6. Ndb5 d6 7. Bg5 a6 8.
Na3 b5 9. Bxf6 gxf6 10. Nd5 Bg7 11. Bd3 O-O 12. O-O Ne7 13. Qh5 Bb7 14. Rfd1 h6
15. Nxe7+ Qxe7 16. c4 bxc4 17. Nxc4 d5 18. exd5 Bxd5 19. Nb6 Bb7 20. Nxa8 Rxa8
21. Bf5 Bc6 22. Rd3 Rb8 23. Rc1 {adiamant resigns} 1-0

[Event "ICS rated blitz match"]
[Site "204.178.125.65"]
[Date "2000.10.06"]
[Round "?"]
[White "Hossa"]
[Black "Guitige"]
[Result "1-0"]
[WhiteElo "2534"]
[BlackElo "2406"]
[PlyCount "27"]
[EventDate "2000.??.??"]

1. e4 g6 2. d4 c6 3. Nf3 d5 4. exd5 cxd5 5. Nc3 Nf6 6. Bb5+ Bd7 7. Bxd7+ Qxd7
8. Ne5 Qd8 9. O-O Nbd7 10. Qf3 e6 11. Bg5 Be7 12. Nxd7 Nxd7 13. Bxe7 Qxe7 14.
Nxd5 {Guitige resigns} 1-0

[Event "ICS rated blitz match"]
[Site "204.178.125.65"]
[Date "2000.10.06"]
[Round "?"]
[White "Guitige"]
[Black "Hossa"]
[Result "0-1"]
[WhiteElo "2396"]
[BlackElo "2544"]
[PlyCount "48"]
[EventDate "2000.??.??"]

1. d4 d5 2. e3 Nf6 3. Bd3 c5 4. c3 c4 5. Bc2 Nc6 6. f4 Bg4 7. Nf3 Qd7 8. Nbd2
e6 9. O-O Bd6 10. Qe2 Ne7 11. Qf2 Bf5 12. Bxf5 Nxf5 13. h3 b5 14. a3 a5 15. Ne5
Qb7 16. g4 Ne7 17. g5 Nd7 18. Nxd7 Qxd7 19. Nf3 h6 20. h4 hxg5 21. hxg5 Rd8 22.
Kg2 e5 23. Rh1 Qg4+ 24. Qg3 Qxg3+ {Guitige resigns} 0-1

[Event "ICS rated blitz match"]
[Site "204.178.125.65"]
[Date "2000.10.06"]
[Round "?"]
[White "Hossa"]
[Black "Guitige"]
[Result "1-0"]
[WhiteElo "2554"]
[BlackElo "2386"]
[PlyCount "28"]
[EventDate "2000.??.??"]

1. e4 g6 2. d4 Bg7 3. c4 d6 4. Nc3 Nd7 5. Nf3 e5 6. Be2 Ne7 7. dxe5 dxe5 8. O-O
O-O 9. Be3 c6 10. Qd6 Qe8 11. c5 f6 12. Bc4+ Kh8 13. Rfd1 f5 14. Bg5 Nf6 {
Guitige resigns} 1-0